000 00604nam a2200229Ia 4500
003 OSt
005 20220928150056.0
006 a|||||r|||| 00| 0
007 ta
008 220927b |||||||| |||| 00| 0 eng d
024 _a87241
037 _cTextual
040 _aSDCL
_cSDCL
_beng
041 _2eng
_aeng
082 _aO-973:g, N7
100 _aJehlen Myra Ed.
_9513528
245 0 _aEnglish literature of America.
260 _c1997
700 _a Warner Michael Ed.
_9515157
942 _hO-973:g, N7
_cTEXL
_2CC
999 _c839245
_d839245